Leadership and the one minute manager : increasing effectiveness through situational leadership

Bibliographic Details
Main Author: Blanchard, Ken
Other Authors: Drea Zigarmi, Patricia Zigarmi
Format: Book
Published: New York : William Morrow and Company , 1985
Subjects:

MARC

LEADER 00000cam a2200000 7i4500
001 0000017157
005 20080512.0
008 080512
020 |a 0688039693 
090 0 0 |a 658.3   |b BLA 
100 0 |a Blanchard, Ken 
245 1 0 |a Leadership and the one minute manager :   |b increasing effectiveness through situational leadership   |c Ken Blanchard, Patricia Zigarmi & Drea Zigarmi 
260 |a New York :   |b William Morrow and Company ,   |c 1985 
650 0 |a Employee motivation 
650 0 |a Leadership 
650 0 |a Personal management 
700 1 |a Drea Zigarmi 
700 1 |a Patricia Zigarmi 
999 |a 0001014954   |b Book   |c Adult Collection   |e Perbadanan Perpustakaan Awam Johor